000 00945nam a22002177a 4500
005 20150428120340.0
010 _aENG-112430-433
020 _a9788180386480 (set of 4 vols.)
_c6995.00 (set price)
035 _aEN-95962-965
037 _bDBAD/PUB
082 _a345.405002468
100 _aSoonavala, J.K.
245 _aSupreme Court criminal digest (1950-2010) /
_bby J.K.Soonavala ; edited by V.R. Manohar
250 _a5th rev. & enl. ed
260 _aGurgaon
_bLexisNexis
_c2011
270 _a14th Floor, Building No.10, Tower-B, DLF Cyber City, Phase-II
_bGurgaon
_e122002
300 _a4V.(clx,1391p.; clviii,1395-2820p.; cxcviii,2821-4511p.; clv,4513-5985p.))
_c25cm(Hb)
505 _av.1- A-C- Abandon to cognizable ; v.2- C-D -Cognizance to dominion over property ; v.3- D-O- Donation to over-ruled decision; v.4- P-End- Panchnama to end
700 _aManohar, V.R.
942 _2ddc
_cEN
_mSOO
_h345.405002468
999 _c92467
_d92467